000 00285nam a22001337a 4500
008 170213b xxu||||| |||| 00| 0 eng d
020 _a9780781781886
041 _aeng
080 _25ED
_a61
100 _a4
101 _aSHM
245 _aFAMILY MEDICINE
_cSLOANE.D
942 _2udc
_cBK
999 _c5299
_d5299